000
00300nam a2200121Ia 4500
008
221030s9999 xx 000 0 und d
041
_a
English
100
_a
D. M Dhamdhere
245
0
_a
Operating Systems - A Concept - Based Approach
_c
by D. M Dhamdhere
260
_c
0
650
_a
B
942
_c
BK
999
_c
16408
_d
16408